[Event "Rostock SSC 07 op 11th"]
[Site "Rostock"]
[Date "2012.08.01"]
[Round "2"]
[White "Guldager, Borge"]
[Black "Wiese, Frank"]
[Result "1/2-1/2"]
[WhiteElo "1821"]
[BlackElo "1972"]
[PlyCount "73"]
[EventDate "2012.08.01"]
[EventType "swiss"]
[EventRounds "7"]
[EventCountry "GER"]
[SourceTitle "EXT 2017"]
[Source "ChessBase"]
[SourceDate "2016.10.25"]
[SourceVersion "1"]
[SourceVersionDate "2016.10.25"]
[SourceQuality "1"]

1. c4 b6 2. Nc3 Bb7 3. e4 e6 4. Nf3 Bb4 5. Qc2 f5 6. d3 fxe4 7. dxe4 Nf6 8. Bd3 Bxc3+ 9. bxc3 d6 10. 0-0 e5 11. h3 Nbd7 12. Ba3 0-0 13. Rfe1 Nh5 14. Bc1 Nf4 15. Bxf4 Rxf4 16. Re3 Nc5 17. Qe2 Qf6 18. Nd2 Rf8 19. Rf1 Qe6 20. g3 R4f6 21. Kg2 Qf7 22. f3 Rg6 23. Kf2 Qe6 24. Rh1 h5 25. Nb3 Nd7 26. c5 bxc5 27. Na5 Ba8 28. Bc4 d5 29. exd5 Bxd5 30. Bd3 Rgf6 31. Bc4 Nb6 32. Bxd5 Nxd5 33. Rd3 e4 34. Re1 Qxh3 35. Qxe4 Qh2+ 36. Kf1 Qh3+ 37. Kf2 1/2-1/2